| Tag |
First Indicator |
Second Indicator |
Subfields |
| LEADER |
00000cam a2200000 4500 |
| 001 |
in00000021021 |
| 005 |
20151007060933.0 |
| 008 |
741018s1935 enkf 00010 eng u |
| 010 |
|
|
|a 35027209
|
| 035 |
|
|
|a (OCoLC)01045008
|
| 035 |
|
|
|9 AAD0629AM
|
| 040 |
|
|
|c SRS
|d TXA
|d UtOrBLW
|
| 049 |
|
|
|a TXAM
|c [155688]
|
| 050 |
|
0 |
|a ND1265
|b .E3
|
| 092 |
|
|
|a 759.9
|b E12m
|
| 100 |
1 |
|
|a Earp, T. W.
|q (Thomas Wade),
|d 1892-
|
| 245 |
1 |
4 |
|a The modern movement in painting /
|c by T. W. Earp; special spring number of the Studio, edited by C. G. Holme.
|
| 264 |
|
1 |
|a London :
|b The Studio, Ltd.;
|a New York :
|b The Studio Publications, Inc.,
|c 1935.
|
| 300 |
|
|
|a 48 pages :
|b 16 color mounted plate ;
|c 29 cm.
|
| 336 |
|
|
|a text
|b txt
|2 rdacontent
|
| 337 |
|
|
|a unmediated
|b n
|2 rdamedia
|
| 338 |
|
|
|a volume
|b nc
|2 rdacarrier
|
| 500 |
|
|
|a Each plate accompanied by leaf with descriptive letterpress, not included in the paging.
|
| 650 |
|
0 |
|a Post-impressionism (Art)
|
| 650 |
|
0 |
|a Impressionism (Art)
|
| 700 |
1 |
|
|a Holme, C. Geoffrey
|q (Charles Geoffrey),
|d 1887-1954.
|
| 999 |
|
|
|a MARS
|
| 999 |
f |
f |
|s cef60c10-0228-3de5-81b3-90fdc47a1d10
|i b68ec600-8dca-3e73-b468-1ae5707af7f7
|t 0
|
| 952 |
f |
f |
|p normal
|a Texas A&M University
|b College Station
|c Sterling C. Evans Library
|d Evans: Library Stacks
|t 0
|e ND1265 .E3
|h Library of Congress classification
|i unmediated -- volume
|m A14801158659
|
| 998 |
f |
f |
|a ND1265 .E3
|t 0
|l Evans: Library Stacks
|